[Event "Junior Online 4NCL Division 2"]
[Site "online"]
[Date "2020.11.12"]
[Round "7.45"]
[White "Stapleton, Dean"]
[Black "Barbier-Ramaiah, Riya Aude"]
[Result "1/2-1/2"]
[WhiteElo "1457"]
[BlackElo "1427"]
[PlyCount "74"]
[EventDate "2020.11.12"]
[WhiteTeam "Robin Hoods 1"]
[BlackTeam "May The Fork Be With You 2"]

1. e4 c6 2. d4 d5 3. Nc3 dxe4 4. Nxe4 Bf5 5. Bd3 Qxd4 6. Nf3 Qd5 7. c4 Qd8 8.
O-O Bxe4 9. Bxe4 Qxd1 10. Rxd1 Nf6 11. Bf5 e6 12. Re1 Bb4 13. Re2 O-O 14. a3
Be7 15. Bf4 Nbd7 16. h3 exf5 17. Rxe7 Rfe8 18. Rxe8+ Rxe8 19. Bg5 Ne4 20. Bh4
Ndf6 21. Re1 h6 22. Bxf6 Nxf6 23. Rd1 Kf8 24. b4 Re4 25. Rc1 Ke7 26. Nd2 Rd4
27. Nf3 Rd3 28. a4 Rb3 29. Re1+ Kd6 30. c5+ Kd7 31. Rd1+ Ke8 32. Rd4 Ra3 33. a5
Ra1+ 34. Kh2 Ra2 35. Kg1 Ra1+ 36. Kh2 Ra2 37. Kg1 Ra1+ 1/2-1/2

[Event "Junior Online 4NCL Division 2"]
[Site "online"]
[Date "2020.11.12"]
[Round "7.46"]
[White "Shah, Rahul"]
[Black "Griffin-Young, Sebastian"]
[Result "1-0"]
[WhiteElo "1502"]
[BlackElo "1390"]
[PlyCount "75"]
[EventDate "2020.11.12"]
[WhiteTeam "May The Fork Be With You 2"]
[BlackTeam "Robin Hoods 1"]

1. d4 Nf6 2. c4 g6 3. Nc3 Bg7 4. Bg5 O-O 5. Nf3 d5 6. Bxf6 Bxf6 7. Nxd5 Bg7 8.
e3 Nc6 9. Be2 e6 10. Nc3 Qe7 11. O-O Rd8 12. a3 e5 13. d5 e4 14. Nd2 Ne5 15.
Ndxe4 f5 16. Nd2 Ng4 17. Bxg4 fxg4 18. Re1 Qg5 19. Nde4 Qf5 20. Ng3 Qe5 21.
Nge4 Bf5 22. Nd2 Bd3 23. Nb3 Bxc4 24. Nc5 b6 25. Nb3 c6 26. e4 cxd5 27. exd5
Qf5 28. Rc1 Bxd5 29. Nxd5 Rxd5 30. Qe2 Re5 31. Qc4+ Kh8 32. Rxe5 Qxe5 33. Qxg4
Qxb2 34. Qf3 Qxa3 35. Qxa8+ Qf8 36. Rc8 Qxc8 37. Qxc8+ Bf8 38. Qxf8# 1-0

[Event "Junior Online 4NCL Division 2"]
[Site "online"]
[Date "2020.11.12"]
[Round "7.47"]
[White "Wood, Ethan"]
[Black "Anand, Dhriti"]
[Result "0-1"]
[WhiteElo "1375"]
[BlackElo "1495"]
[PlyCount "61"]
[EventDate "2020.11.12"]
[WhiteTeam "Robin Hoods 1"]
[BlackTeam "May The Fork Be With You 2"]

1. e4 c5 2. d3 d6 3. Nf3 Nf6 4. Nc3 Nc6 5. Be3 e6 6. Be2 d5 7. exd5 exd5 8. O-O
d4 9. Bxd4 cxd4 10. Nb5 Be7 11. h3 O-O 12. c4 a6 13. Na3 Bxa3 14. bxa3 Be6 15.
Rb1 Qe7 16. Qd2 Ra7 17. Qf4 Qxa3 18. Ra1 Qe7 19. Nxd4 Nxd4 20. Qxd4 Raa8 21.
Rab1 Rfd8 22. Qe3 Rd7 23. Bf3 Rb8 24. Qa7 Re8 25. Bxb7 Rxd3 26. Qxa6 Rd6 27.
Qa4 Rb8 28. Bf3 Rdd8 29. Rxb8 Rxb8 30. Qa3 Qxa3 31. Bc6 0-1

[Event "Junior Online 4NCL Division 2"]
[Site "online"]
[Date "2020.11.12"]
[Round "7.48"]
[White "Walia, Michael Kanishk"]
[Black "Pitts, Daniel"]
[Result "1-0"]
[WhiteElo "1405"]
[BlackElo "1352"]
[PlyCount "53"]
[EventDate "2020.11.12"]
[WhiteTeam "May The Fork Be With You 2"]
[BlackTeam "Robin Hoods 1"]

1. e4 e5 2. Nf3 Nc6 3. d4 exd4 4. Nxd4 Bc5 5. Be3 Qf6 6. c3 d6 7. Be2 Nge7 8.
O-O Bd7 9. Qd2 O-O 10. Bg5 Qe5 11. Nxc6 Nxc6 12. Kh1 f6 13. Bf4 Qxe4 14. Bd3
Qd5 15. Bxh7+ Kxh7 16. Qxd5 g5 17. Bg3 Rfe8 18. Qf7+ Kh8 19. Qxd7 Rac8 20. Qf7
Rf8 21. Qh5+ Kg7 22. Nd2 Rh8 23. Qf3 Ne5 24. Bxe5 dxe5 25. Ne4 Be7 26. Rfd1 Kg6
27. Rd7 1-0

[Event "Junior Online 4NCL Division 2"]
[Site "online"]
[Date "2020.11.12"]
[Round "7.51"]
[White "Gibara, Astrid"]
[Black "Hariharan, Shambavi"]
[Result "0-1"]
[WhiteElo "1150"]
[BlackElo "1217"]
[PlyCount "138"]
[EventDate "2020.11.12"]
[WhiteTeam "Warwickshire Bears F"]
[BlackTeam "Maid Marians 2"]

1. e4 c6 2. d4 d5 3. f3 dxe4 4. fxe4 Nf6 5. e5 Nd5 6. c4 Nb6 7. c5 Nd5 8. a3
Bf5 9. b4 e6 10. Nf3 a6 11. Bg5 Be7 12. Bxe7 Qxe7 13. Bd3 Bg6 14. O-O Nf4 15.
Ne1 Qg5 16. g3 Nxd3 17. Nxd3 Qe3+ 18. Nf2 O-O 19. Nd2 Qxd4 20. Nf3 Qd5 21. Qxd5
cxd5 22. a4 Nd7 23. b5 Nxc5 24. bxa6 Rxa6 25. a5 Rfa8 26. Rfc1 Nb3 27. Rc7 Nxa1
28. Rxb7 Rxa5 29. Nd4 h6 30. Nc6 Ra2 31. Nd1 Nc2 32. Nc3 Ra1+ 33. Kf2 Re1 34.
Nd4 Rc1 35. Nce2 Rca1 36. Nb3 R1a3 37. Nd2 R3a7 38. Rb2 Na3 39. Ke3 Nc4+ 40.
Nxc4 dxc4 41. Kd4 Ra4 42. Kc5 R8a5+ 43. Kb6 Bd3 44. Nc3 Ra3 45. Nb5 Ra6+ 46.
Kb7 R3a5 47. h4 Be4+ 48. Kc7 c3 49. Nxc3 Rc5+ 50. Kd7 Rxc3 51. Rb8+ Kh7 52. Ke7
Rc7+ 53. Kf8 Rca7 54. Re8 Rb6 55. Re7 Rxe7 56. Kxe7 Kg6 57. h5+ Kxh5 58. Kxf7
g5 59. Kf6 Kg4 60. Kg7 h5 61. Kh6 h4 62. gxh4 gxh4 63. Kg7 h3 64. Kf6 h2 65.
Kf7 h1=Q 66. Ke7 Qh7+ 67. Kf6 Qg6+ 68. Ke7 Qg7+ 69. Kd8 Rb8# 0-1

[Event "Junior Online 4NCL Division 2"]
[Site "online"]
[Date "2020.11.12"]
[Round "7.52"]
[White "Stokes, Matthew"]
[Black "Pal, Rhea"]
[Result "0-1"]
[WhiteElo "955"]
[BlackElo "1120"]
[PlyCount "144"]
[EventDate "2020.11.12"]
[WhiteTeam "Maid Marians 2"]
[BlackTeam "Warwickshire Bears F"]

1. d4 e6 2. c4 d5 3. Bf4 Nf6 4. e3 Be7 5. Nc3 O-O 6. Nf3 b6 7. Bd3 Bb7 8. O-O
Nbd7 9. b3 c5 10. Re1 Rc8 11. Rb1 cxd4 12. exd4 dxc4 13. bxc4 Ba6 14. Qe2 Rc6
15. Na4 Qc8 16. Rbc1 Qb7 17. Nb2 Rfc8 18. Rc2 b5 19. Rec1 Qb6 20. h3 Qa5 21.
Ra1 b4 22. Rcc1 Qa3 23. Nd1 b3 24. axb3 Qxb3 25. Bc2 Qxc4 26. Qxc4 Bxc4 27.
Rxa7 Bd3 28. Ra2 Bxc2 29. Ne3 Bb3 30. Rxc6 Rxc6 31. Ra8+ Nf8 32. Rb8 Bc4 33.
Nd2 Ba6 34. Ra8 Ba3 35. Nc2 Rxc2 36. Nf1 Rc6 37. Bg3 Bb2 38. Be5 h6 39. Rb8 Bc3
40. Ra8 Kh7 41. g3 N8d7 42. Bf4 Ne4 43. Be3 Kg6 44. Kg2 Bxf1+ 45. Kxf1 Nd2+ 46.
Ke2 Ne4 47. Ra5 Bxa5 48. f3 Nc3+ 49. Kd3 Nb1 50. g4 Rc3+ 51. Ke2 Rc2+ 52. Kd3
Rc3+ 53. Ke2 Nf6 54. h4 h5 55. g5 Kf5 56. f4 Kg4 57. Kf2 Kxh4 58. gxf6 Rc2+ 59.
Kf3 gxf6 60. Bf2+ Kh3 61. Be3 Bd2 62. Bxd2 Rxd2 63. Ke4 Re2+ 64. Kd3 Rd2+ 65.
Ke4 f5+ 66. Ke3 h4 67. Kf3 Kh2 68. Ke3 h3 69. Kf3 Kg1 70. Kg3 h2 71. Kf3 h1=Q+
72. Ke3 Qe4# 0-1

[Event "Junior Online 4NCL Division 2"]
[Site "online"]
[Date "2020.11.12"]
[Round "7.53"]
[White "Sareen, Rohan"]
[Black "Pitts, Hannah"]
[Result "0-1"]
[WhiteElo "1112"]
[BlackElo "1022"]
[PlyCount "120"]
[EventDate "2020.11.12"]
[WhiteTeam "Warwickshire Bears F"]
[BlackTeam "Maid Marians 2"]

1. e4 e5 2. Nf3 Nc6 3. Bc4 Bc5 4. Nc3 Nf6 5. d3 h6 6. Be3 b6 7. d4 Bxd4 8. Nxd4
exd4 9. Bxd4 Nxd4 10. Qxd4 Qe7 11. O-O-O O-O 12. Rhe1 Qd6 13. Qe3 Qc5 14. Qxc5
bxc5 15. Bb5 d6 16. e5 dxe5 17. Rxe5 Ng4 18. Bd7 Bxd7 19. Rxd7 Nxe5 20. Rxc7
Ng4 21. Rxc5 Nxf2 22. Kd2 Rfe8 23. Rf5 Ne4+ 24. Kd3 Nxc3 25. Kxc3 Rac8+ 26. Kd4
Rxc2 27. Kd3 Rxb2 28. Ra5 Rxg2 29. Rxa7 Rxh2 30. Kd4 Rh5 31. Kd3 Ree5 32. Kd4
Re1 33. a4 Reh1 34. a5 Ra1 35. a6 Ra4+ 36. Kc3 Rh3+ 37. Kb2 Rg4 38. Ra8+ Kh7
39. Rc8 Rb4+ 40. Kc2 Rh2+ 41. Kd3 Rh3+ 42. Kc2 Ra4 43. Kb1 Rxa6 44. Rc2 Rb6+
45. Kc1 Rh1+ 46. Kd2 Rh2+ 47. Kc3 Rxc2+ 48. Kxc2 h5 49. Kc3 h4 50. Kd3 h3 51.
Ke2 h2 52. Kf2 h1=R 53. Kg2 Rhb1 54. Kf2 Rg6 55. Kf3 Rb4 56. Ke3 Rh6 57. Kf3
Rh3+ 58. Kg2 Ra3 59. Kf2 Rb2+ 60. Kg1 Ra1# 0-1

[Event "Junior Online 4NCL Division 2"]
[Site "online"]
[Date "2020.11.12"]
[Round "7.54"]
[White "Liu, Lucy"]
[Black "Murthy, Rishab"]
[Result "0-1"]
[WhiteElo "887"]
[BlackElo "1030"]
[PlyCount "40"]
[EventDate "2020.11.12"]
[WhiteTeam "Maid Marians 2"]
[BlackTeam "Warwickshire Bears F"]

1. e4 e6 2. Nf3 d5 3. Bb5+ Bd7 4. Nc3 Bxb5 5. Nxb5 c5 6. d4 Nf6 7. Bg5 Qa5+ 8.
Nc3 Nxe4 9. Bh4 cxd4 10. O-O dxc3 11. Qe1 Bb4 12. a3 cxb2 13. axb4 Qxa1 14.
Qxa1 bxa1=Q 15. Rxa1 a6 16. Ne5 Nc6 17. Nxc6 bxc6 18. c3 Nxc3 19. Rc1 Ne2+ 20.
Kf1 Nxc1 0-1

[Event "Junior Online 4NCL Division 2"]
[Site "online"]
[Date "2020.11.12"]
[Round "7.55"]
[White "Hariharan, Shambavi"]
[Black "Gibara, Astrid"]
[Result "1-0"]
[WhiteElo "1217"]
[BlackElo "1150"]
[PlyCount "71"]
[EventDate "2020.11.12"]
[WhiteTeam "Maid Marians 2"]
[BlackTeam "Warwickshire Bears F"]

1. d4 d5 2. Bf4 Nc6 3. Nf3 f6 4. e3 e6 5. c3 Bd6 6. Bg3 e5 7. dxe5 fxe5 8. Qxd5
Nb4 9. Qd1 Nc6 10. Bb5 e4 11. Nd4 Bxg3 12. hxg3 Bd7 13. Bxc6 Bxc6 14. Qh5+ g6
15. Qe5+ Ne7 16. Qxh8+ Kd7 17. Qxd8+ Rxd8 18. Rxh7 Kc8 19. Rxe7 b6 20. Nxc6 Rd6
21. Nxa7+ Kb7 22. Nb5 Rc6 23. N1a3 Ka6 24. Nxc7+ Ka5 25. b4+ Ka4 26. Ncb5 Rxc3
27. Nxc3+ Kxb4 28. Ncb5 g5 29. Rc1 g4 30. Rxe4+ Ka5 31. Rcc4 Ka6 32. Ra4+ Kb7
33. Re6 Kc8 34. Ra7 Kd8 35. Rh6 Kc8 36. Rh8# 1-0

[Event "Junior Online 4NCL Division 2"]
[Site "online"]
[Date "2020.11.12"]
[Round "7.56"]
[White "Pal, Rhea"]
[Black "Stokes, Matthew"]
[Result "0-1"]
[WhiteElo "1120"]
[BlackElo "955"]
[PlyCount "46"]
[EventDate "2020.11.12"]
[WhiteTeam "Warwickshire Bears F"]
[BlackTeam "Maid Marians 2"]

1. d4 d5 2. Bf4 Nf6 3. e3 e6 4. Bd3 Nc6 5. Nf3 Bd6 6. Bg3 O-O 7. O-O b6 8. Ne5
Bb7 9. Re1 Re8 10. e4 h6 11. Nd2 Rb8 12. exd5 exd5 13. Nxc6 Bxc6 14. Qf3 Rc8
15. Re2 Qd7 16. Rae1 Bb5 17. Bxb5 Qxb5 18. b3 Qc6 19. Bh4 Bb4 20. c4 Bxd2 21.
Rxe8+ Rxe8 22. Rxe8+ Qxe8 23. Qg4 Qe1# 0-1

[Event "Junior Online 4NCL Division 2"]
[Site "online"]
[Date "2020.11.12"]
[Round "7.57"]
[White "Pitts, Hannah"]
[Black "Sareen, Rohan"]
[Result "1-0"]
[WhiteElo "1022"]
[BlackElo "1112"]
[PlyCount "35"]
[EventDate "2020.11.12"]
[WhiteTeam "Maid Marians 2"]
[BlackTeam "Warwickshire Bears F"]

1. e4 e5 2. Nf3 Nc6 3. g3 Nf6 4. Bg2 Nxe4 5. O-O d6 6. Nxe5 Nf6 7. Nxf7 Kxf7 8.
Qe2 Nd4 9. Qe3 Nxc2 10. Qb3+ Ke8 11. Qxc2 g6 12. Qb3 Qe7 13. Bxb7 Bxb7 14. Qxb7
Qe2 15. Qxa8+ Ke7 16. Qg2 Bh6 17. f3 Rb8 18. Qxe2+ 1-0

[Event "Junior Online 4NCL Division 2"]
[Site "online"]
[Date "2020.11.12"]
[Round "7.58"]
[White "Murthy, Rishab"]
[Black "Liu, Lucy"]
[Result "1-0"]
[WhiteElo "1030"]
[BlackElo "887"]
[PlyCount "47"]
[EventDate "2020.11.12"]
[WhiteTeam "Warwickshire Bears F"]
[BlackTeam "Maid Marians 2"]

1. d4 Nc6 2. Nf3 Nf6 3. Bf4 d5 4. Nc3 Bf5 5. Nb5 e5 6. Bxe5 Nxe5 7. dxe5 Bb4+
8. c3 Bc5 9. exf6 Qxf6 10. Nxc7+ Kf8 11. Nxa8 Qd8 12. c4 Qxa8 13. Qxd5 Qc8 14.
Rd1 Bc2 15. Qd8+ Qxd8 16. Rxd8+ Ke7 17. Rxh8 Bb4+ 18. Nd2 Ba4 19. b3 Bc6 20.
Rxh7 g6 21. Kd1 Be4 22. Nxe4 Bc3 23. Nxc3 Kf6 24. e3 1-0

[Event "Junior Online 4NCL Division 2"]
[Site "online"]
[Date "2020.11.12"]
[Round "7.61"]
[White "Walker, Daniel"]
[Black "George, Seb"]
[Result "1-0"]
[WhiteElo "1322"]
[BlackElo "1240"]
[PlyCount "35"]
[EventDate "2020.11.12"]
[WhiteTeam "Robin Hoods 2"]
[BlackTeam "Watford Juniors B"]

1. d4 Nc6 2. d5 Nb8 3. Nc3 Nf6 4. e4 d6 5. Nf3 c6 6. Bg5 cxd5 7. exd5 Bf5 8.
Nd4 Bg6 9. Bb5+ Nbd7 10. O-O h6 11. Bh4 a6 12. Be2 Qb6 13. Qd2 Bxc2 14. Nxc2 g5
15. Bg3 Rc8 16. Nd4 Bg7 17. Nf5 O-O 18. Nxe7+ 1-0

[Event "Junior Online 4NCL Division 2"]
[Site "online"]
[Date "2020.11.12"]
[Round "7.62"]
[White "Tathare, Rohan"]
[Black "Humphreys, Benjamin"]
[Result "0-1"]
[WhiteElo "1232"]
[BlackElo "1300"]
[PlyCount "130"]
[EventDate "2020.11.12"]
[WhiteTeam "Watford Juniors B"]
[BlackTeam "Robin Hoods 2"]

1. e4 e5 2. Nf3 Nf6 3. Nc3 Bc5 4. Na4 Nxe4 5. Nxc5 Nxc5 6. Bc4 d5 7. Bb3 Nxb3
8. cxb3 Nc6 9. O-O O-O 10. Re1 e4 11. Nd4 Nxd4 12. d3 Re8 13. dxe4 Rxe4 14.
Rxe4 dxe4 15. Be3 c5 16. b4 b6 17. a4 Bb7 18. a5 Nf5 19. Qxd8+ Rxd8 20. Bf4 f6
21. axb6 axb6 22. bxc5 bxc5 23. h3 Nh4 24. Ra7 Rd1+ 25. Kh2 Rd7 26. g3 Nf3+ 27.
Kg2 e3 28. fxe3 Nh4+ 29. Kf2 Rd2+ 30. Ke1 Nf3+ 31. Kf1 Nh2+ 32. Ke1 Rxb2 33. g4
c4 34. Bxh2 c3 35. Bf4 c2 36. e4 Bxe4 37. Kd2 Rb1 38. Kc3 g5 39. Be3 Rd1 40.
Ra2 Rd3+ 41. Kc4 Rxe3 42. Ra1 Ra3 43. Rc1 Rxh3 44. Kd4 Bg6 45. Kc4 Rh4 46. Kd5
Rxg4 47. Ke6 f5 48. Kf6 f4 49. Ke5 f3 50. Rf1 f2 51. Kd5 Be4+ 52. Kd4 Bg2+ 53.
Ke3 Bxf1 54. Kd2 Rc4 55. Kc1 h5 56. Kd2 c1=B+ 57. Kd1 Be2+ 58. Kxe2 g4 59. Kxf2
h4 60. Kg2 h3+ 61. Kh2 Bf4+ 62. Kg1 g3 63. Kf1 h2 64. Kg2 Rc2+ 65. Kh1 g2# 0-1

[Event "Junior Online 4NCL Division 2"]
[Site "online"]
[Date "2020.11.12"]
[Round "7.63"]
[White "Keenan, Isaac"]
[Black "Holland, Nicolas"]
[Result "0-1"]
[WhiteElo "1285"]
[BlackElo "1172"]
[PlyCount "78"]
[EventDate "2020.11.12"]
[WhiteTeam "Robin Hoods 2"]
[BlackTeam "Watford Juniors B"]

1. d4 e6 2. Bf4 d5 3. e3 c5 4. e4 Nc6 5. exd5 exd5 6. Bb5 cxd4 7. Qe2+ Nge7 8.
Nf3 a6 9. Bxc6+ bxc6 10. Nxd4 c5 11. Nc6 Qd7 12. Ne5 Qb7 13. b3 Nf5 14. Ng6+
Be7 15. Nxh8 Kf8 16. Nxf7 Kxf7 17. Qh5+ g6 18. Qxh7+ Kf6 19. Qh8+ Ng7 20. Bh6
Qb4+ 21. c3 Qe4+ 22. Kd2 d4 23. Re1 dxc3+ 24. Nxc3 Qd4+ 25. Kc2 Bf5+ 26. Kc1
Rxh8 27. Bxg7+ Kxg7 28. Rxe7+ Kh6 29. Kb2 Qd2+ 30. Ka3 Qxc3 31. Ree1 Qb4+ 32.
Kb2 Rd8 33. Re3 Rd2+ 34. Kc1 Rd4 35. g4 Bxg4 36. h3 Rd1+ 37. Kb2 Rxa1 38. Kxa1
Qd2 39. hxg4 Qc1# 0-1

[Event "Junior Online 4NCL Division 2"]
[Site "online"]
[Date "2020.11.12"]
[Round "7.64"]
[White "Demyan, Leo"]
[Black "Krasnov, Maksim"]
[Result "0-1"]
[WhiteElo "1180"]
[BlackElo "1255"]
[PlyCount "66"]
[EventDate "2020.11.12"]
[WhiteTeam "Watford Juniors B"]
[BlackTeam "Robin Hoods 2"]

1. d4 d5 2. Nc3 Nf6 3. Bf4 Nc6 4. Nb5 e5 5. Bxe5 Nxe5 6. dxe5 Ng4 7. Nf3 Bc5 8.
e3 c6 9. Nc3 Qe7 10. h3 Nxe5 11. Nxe5 Qxe5 12. Bd3 d4 13. Ne2 dxe3 14. fxe3
Qxe3 15. Rf1 O-O 16. a3 Re8 17. b4 Qg3+ 18. Rf2 Qxf2+ 19. Kd2 Be3+ 20. Kc3 Qf6+
21. Kb3 Be6+ 22. c4 b5 23. Qc2 bxc4+ 24. Bxc4 Bxc4+ 25. Qxc4 Qe6 26. Qxe6 Rxe6
27. Nc3 Bd4 28. Na4 Bxa1 29. Nc5 Re2 30. g4 Re3+ 31. Ka4 Rxh3 32. g5 Bb2 33.
Ne4 Rxa3# 0-1

[Event "Junior Online 4NCL Division 2"]
[Site "online"]
[Date "2020.11.12"]
[Round "7.65"]
[White "George, Seb"]
[Black "Walker, Daniel"]
[Result "0-1"]
[WhiteElo "1240"]
[BlackElo "1322"]
[PlyCount "134"]
[EventDate "2020.11.12"]
[WhiteTeam "Watford Juniors B"]
[BlackTeam "Robin Hoods 2"]

1. e4 e5 2. Nf3 Nc6 3. Bb5 Nf6 4. O-O Bc5 5. c3 Nxe4 6. Bxc6 dxc6 7. Nxe5 O-O
8. d4 Bd6 9. Nf3 Bg4 10. Qd3 Re8 11. Nbd2 Bf5 12. Nxe4 Bxe4 13. Qe3 Qf6 14. Ng5
Bxg2 15. Qd3 Bxf1 16. Qxh7+ Kf8 17. Kxf1 Ke7 18. Bd2 Kd7 19. Re1 Rxe1+ 20. Kxe1
Re8+ 21. Kd1 Kc8 22. Qh3+ Kb8 23. Ne4 Qe6 24. Qxe6 Rxe6 25. Ng5 Rf6 26. Kc2
Rxf2 27. b4 Bf4 28. Ne4 Rxh2 29. Kd3 Bxd2 30. Nxd2 Kc8 31. a4 Kd7 32. Nc4 Ke6
33. Ne5 g5 34. Ng4 Rh4 35. Ne3 g4 36. c4 g3 37. d5+ cxd5 38. cxd5+ Ke5 39. Ng2
Rxb4 40. Ke3 Rxa4 41. Kf3 Ra2 42. Kxg3 Rxg2+ 43. Kxg2 a5 44. Kf3 Kxd5 45. Ke3
Kc4 46. Kd2 Kb3 47. Kc1 f5 48. Kd2 a4 49. Kc1 f4 50. Kd2 Kb2 51. Kd3 a3 52. Kc4
a2 53. Kb5 a1=Q 54. Kc5 Qa3+ 55. Kd5 Qb3+ 56. Ke5 Qc3+ 57. Ke6 Qc4+ 58. Kd7
Qd5+ 59. Kc8 f3 60. Kb8 c5 61. Ka7 c4 62. Kb6 c3 63. Kc7 c2 64. Kb6 c1=Q 65.
Ka7 Qcc5+ 66. Kb8 Qd8+ 67. Kxb7 Qcb6# 0-1

[Event "Junior Online 4NCL Division 2"]
[Site "online"]
[Date "2020.11.12"]
[Round "7.66"]
[White "Humphreys, Benjamin"]
[Black "Tathare, Rohan"]
[Result "0-1"]
[WhiteElo "1300"]
[BlackElo "1232"]
[PlyCount "73"]
[EventDate "2020.11.12"]
[WhiteTeam "Robin Hoods 2"]
[BlackTeam "Watford Juniors B"]

1. e4 d5 2. exd5 Nf6 3. Nf3 Nxd5 4. c4 Nf6 5. Nc3 c5 6. Qa4+ Nc6 7. Be2 Bd7 8.
Qb3 Nd4 9. Nxd4 cxd4 10. Nb5 Bxb5 11. Qxb5+ Qd7 12. c5 a6 13. Qxd7+ Nxd7 14. b4
e6 15. a3 Ne5 16. O-O Be7 17. f4 Ng6 18. Bh5 Nh4 19. g3 Nf5 20. g4 Nh4 21. Kf2
O-O 22. g5 a5 23. Kg3 Nf5+ 24. Kg4 axb4 25. Bb2 bxa3 26. Bxa3 g6 27. Bb2 gxh5+
28. Kxh5 Bxc5 29. Rac1 Ba3 30. Bxd4 Bxc1 31. Bf6 Bxd2 32. Rg1 Ng7+ 33. Kh6 Nf5+
34. Kh5 Bxf4 35. g6 fxg6+ 36. Kg4 Rxf6 37. Kxf4 0-1

[Event "Junior Online 4NCL Division 2"]
[Site "online"]
[Date "2020.11.12"]
[Round "7.67"]
[White "Holland, Nicolas"]
[Black "Keenan, Isaac"]
[Result "0-1"]
[WhiteElo "1172"]
[BlackElo "1285"]
[PlyCount "36"]
[EventDate "2020.11.12"]
[WhiteTeam "Watford Juniors B"]
[BlackTeam "Robin Hoods 2"]

1. e4 e5 2. Nf3 Nf6 3. Nc3 Bc5 4. Bc4 Nc6 5. O-O d6 6. d3 O-O 7. Nd5 Nd4 8.
Nxf6+ Qxf6 9. Nxd4 exd4 10. h3 a6 11. c3 b5 12. Bd5 Rb8 13. Bd2 Bb7 14. Bxb7
Rxb7 15. Qc2 d5 16. exd5 Bd6 17. c4 Qe5 18. b3 Qh2# 0-1

[Event "Junior Online 4NCL Division 2"]
[Site "online"]
[Date "2020.11.12"]
[Round "7.68"]
[White "Krasnov, Maksim"]
[Black "Demyan, Leo"]
[Result "0-1"]
[WhiteElo "1255"]
[BlackElo "1180"]
[PlyCount "62"]
[EventDate "2020.11.12"]
[WhiteTeam "Robin Hoods 2"]
[BlackTeam "Watford Juniors B"]

1. e4 e5 2. Nf3 Nc6 3. Bc4 h6 4. Nc3 Nf6 5. d3 Bb4 6. Bd2 d6 7. Qe2 Bg4 8. O-O
Nd4 9. Qd1 Nd7 10. h3 Nxf3+ 11. gxf3 Bxh3 12. f4 Bxf1 13. Qxf1 Qf6 14. Qe2 Bxc3
15. Bxc3 Qxf4 16. Kf1 O-O-O 17. Ke1 Qh2 18. Bxf7 Rhf8 19. Be6 Qh1+ 20. Kd2 Qxa1
21. Qg4 b6 22. Qxg7 Rxf2+ 23. Ke3 Rf1 24. Bxd7+ Rxd7 25. Qg8+ Rd8 26. Qe6+ Kb7
27. Qh3 Qc1+ 28. Bd2 Qb1 29. Ke2 Rdf8 30. Bxh6 R1f2+ 31. Ke3 Qe1# 0-1

[Event "Junior Online 4NCL Division 2"]
[Site "online"]
[Date "2020.11.12"]
[Round "7.71"]
[White "Benson, Alice"]
[Black "Ravithas, Ashwin"]
[Result "0-1"]
[WhiteElo "740"]
[BlackElo "1390"]
[PlyCount "114"]
[EventDate "2020.11.12"]
[WhiteTeam "Phones Juniors B"]
[BlackTeam "St Albans Early Knights 2"]

1. d4 d5 2. Bf4 Nc6 3. Nf3 Nf6 4. e3 a6 5. Bd3 Bg4 6. h3 Bh5 7. c3 e6 8. O-O
Bd6 9. Bg5 h6 10. Bh4 O-O 11. Nbd2 Be7 12. Bxf6 Bxf6 13. e4 dxe4 14. Nxe4 Bg6
15. Nxf6+ Qxf6 16. Re1 Bh5 17. Be4 Bxf3 18. Qxf3 Qxf3 19. Bxf3 Rab8 20. Bxc6
bxc6 21. b3 a5 22. Re5 Rb5 23. Rae1 Rd8 24. f3 Rdd5 25. Kf2 Rxe5 26. Rxe5 Rxe5
27. dxe5 Kf8 28. Ke3 Ke7 29. Kd4 Kd7 30. Kc5 f6 31. exf6 gxf6 32. b4 axb4 33.
cxb4 e5 34. a4 f5 35. a5 Kc8 36. h4 h5 37. g3 Kb7 38. f4 e4 39. Kd4 Ka6 40. Ke3
c5 41. bxc5 Kxa5 42. Kd4 c6 43. Kc4 Ka4 44. Kc3 Kb5 45. Kd4 Kb4 46. g4 hxg4 47.
h5 g3 48. h6 g2 49. h7 g1=Q+ 50. Ke5 Qg7+ 51. Kd6 Qxh7 52. Kxc6 e3 53. Kd6 e2
54. c6 e1=Q 55. c7 Qee7+ 56. Kd5 Qc5+ 57. Ke6 Qhe7# 0-1

[Event "Junior Online 4NCL Division 2"]
[Site "online"]
[Date "2020.11.12"]
[Round "7.72"]
[White "Cham, Alex"]
[Black "Arya, Aadit"]
[Result "0-1"]
[WhiteElo "1285"]
[BlackElo "622"]
[PlyCount "68"]
[EventDate "2020.11.12"]
[WhiteTeam "St Albans Early Knights 2"]
[BlackTeam "Phones Juniors B"]

1. d4 e6 2. Bf4 d5 3. e3 Nc6 4. c3 h6 5. Bd3 g5 6. Bg3 Nf6 7. Nd2 Bg7 8. Qc2
Qe7 9. O-O-O a6 10. Kb1 Bd7 11. Bxc7 Rc8 12. Bg3 Nb4 13. Qb3 Nxd3 14. Qxb7 O-O
15. Qxa6 Nxb2 16. Bd6 Qe8 17. Kxb2 Rb8+ 18. Kc1 Ra8 19. Qb6 Rxa2 20. Bxf8 Qxf8
21. Qb3 Ra8 22. Qb2 Rb8 23. Qa2 Ra8 24. Qb2 Rb8 25. Nb3 Ba4 26. Kd2 Rxb3 27.
Qa2 Ne4+ 28. Kd3 Bb5+ 29. Kc2 Rxc3+ 30. Kb1 Qb4+ 31. Qb2 Rb3 32. Qxb3 Qxb3+ 33.
Kc1 Nc3 34. Rd2 Qb1# 0-1

[Event "Junior Online 4NCL Division 2"]
[Site "online"]
[Date "2020.11.12"]
[Round "7.73"]
[White "Railwani, Tavish"]
[Black "Shaporenkov, Robert"]
[Result "1-0"]
[WhiteElo "100"]
[BlackElo "1322"]
[PlyCount "125"]
[EventDate "2020.11.12"]
[WhiteTeam "Phones Juniors B"]
[BlackTeam "St Albans Early Knights 2"]

1. e4 d6 2. Nf3 Nf6 3. Nc3 Nbd7 4. Bc4 h6 5. O-O e5 6. d3 Be7 7. Be3 O-O 8. Qe2
b6 9. Nd5 Nxd5 10. Bxd5 Rb8 11. a4 Bb7 12. Bxb7 Rxb7 13. a5 Nf6 14. axb6 cxb6
15. d4 exd4 16. Nxd4 Qc8 17. Nb5 Qd7 18. Qd3 Re8 19. Bf4 Nxe4 20. Rfe1 Nf6 21.
Bxd6 Rd8 22. Bxe7 Qxd3 23. cxd3 Rxd3 24. Rxa7 Rb8 25. Bxf6 gxf6 26. h3 Kg7 27.
Ree7 Rf8 28. Rad7 Rxd7 29. Rxd7 h5 30. Rb7 Kg6 31. Rxb6 Kg7 32. Nd4 Kg6 33. g4
hxg4 34. hxg4 Rg8 35. Kg2 Kh7 36. Kg3 Kg6 37. Nc6 Kg7 38. Rb8 Rxb8 39. Nxb8 Kf8
40. Nc6 Ke8 41. b4 Kd7 42. b5 Kc7 43. Kf4 Kb6 44. g5 Kxb5 45. Nd4+ Kc5 46. Nf5
Kd5 47. gxf6 Ke6 48. Kg5 Ke5 49. Ng7 Kd6 50. Kf5 Kd7 51. Ke5 Kd8 52. Kd6 Kc8
53. Ke7 Kc7 54. Kxf7 Kd8 55. Kg8 Kd7 56. f7 Ke7 57. f8=Q+ Kd7 58. Qe8+ Kc7 59.
Ne6+ Kd6 60. Kf7 Ke5 61. Qb5+ Kd6 62. Qc5+ Kd7 63. Qc7# 1-0

[Event "Junior Online 4NCL Division 2"]
[Site "online"]
[Date "2020.11.12"]
[Round "7.74"]
[White "Owladi, Dara"]
[Black "Mittal, Advik"]
[Result "1/2-1/2"]
[WhiteElo "1315"]
[BlackElo "100"]
[PlyCount "95"]
[EventDate "2020.11.12"]
[WhiteTeam "St Albans Early Knights 2"]
[BlackTeam "Phones Juniors B"]

1. e4 e5 2. Nc3 Nf6 3. f4 exf4 4. e5 Ng4 5. Qxg4 g5 6. Nf3 d6 7. Qxg5 Qxg5 8.
Nxg5 dxe5 9. Bc4 h6 10. Nxf7 Rh7 11. Nxe5 Be7 12. O-O Bc5+ 13. Kh1 Re7 14. Nf3
Nc6 15. d3 Be3 16. Bxe3 fxe3 17. Rae1 Nb4 18. Re2 Bg4 19. h3 Bxf3 20. Rxf3 Rd8
21. Rfxe3 Rxe3 22. Rxe3+ Kf8 23. Rf3+ Ke8 24. Bb3 Nc6 25. Nd5 Rd7 26. Nf6+ Ke7
27. Nxd7 Kxd7 28. Rf6 Nd4 29. Rxh6 b6 30. Rh7+ Kc6 31. h4 Nxb3 32. axb3 b5 33.
h5 a6 34. h6 a5 35. Rg7 b4 36. h7 Kc5 37. h8=Q Kd4 38. Rxc7+ Ke3 39. Qd8 Kd2
40. Qg5+ Kd1 41. Re7 Kxc2 42. Qxa5 Kxb2 43. Qxb4 Kc2 44. d4 Kd3 45. Rc7 Ke3 46.
Qc3+ Kf2 47. Qd2+ Kf1 48. Re7 1/2-1/2